Bluecoats Shows (2000-Present) - Statistics

General Stats
  • This quiz has been taken 6 times
  • The average score is 15 of 25
Answer Stats
Hint Answer % Correct
2024 (1st) Change Is Everything
100%
2016 (1st) Down Side Up
100%
2017 (5th) Jagged Line
100%
2015 (3rd) Kinetic Noise
100%
2019 (2nd) The Bluecoats
100%
2023 (2nd) The Garden of Love
100%
2025 (2nd) The Observer Effect
100%
2011 (7th) Brave New World
80%
2014 (2nd) TILT
80%
2021 Lucy
80%
2022 (2nd) Riffs & Revelations
80%
2018 (3rd) Session 44
80%
2005 (5th) Caravan
40%
2006 (4th) Connexus
40%
2007 (7th) Criminal
40%
2009 (6th) Imagine
40%
2010 (3rd) Metropolis: The Future is Now
40%
2008 (6th) The Knockout
40%
2013 (5th) ...to Look for America
40%
2012 (6th) Unmasqued
40%
2003 (7th) Capture and Escape
20%
2001 (8th) Latin Sketches
20%
2004 (6th) Mood Swings
20%
2000 (12th) Threshold
20%
2002 (7th) Urban Dances
20%
No matching quizzes found
Score Distribution
Percent of People with Each Score
Percentile by Number Answered
Your Score History
You have not taken this quiz